[Event "2005 US Chessmaster Championship"]
[Site "San Diego"]
[Date "2004.12.02"]
[Round "7"]
[White "Muhammad, S."]
[Black "Christiansen, L."]
[Result "0-1"]
[WhiteElo "2387"]
[BlackElo "2531"]
[PlyCount "134"]
[EventDate "2004.??.??"]
[EventType "swiss"]
[EventRounds "9"]
[EventCountry "USA"]
[WhiteTeam "USA"]
[BlackTeam "USA"]
[WhiteTeamCountry "USA"]
[BlackTeamCountry "USA"]

1. d4 Nf6 2. c4 g6 3. Nc3 Bg7 4. e4 d6 5. Nf3 O-O 6. Be2 e5 7. O-O Qe8 8. dxe5
dxe5 9. Be3 Nbd7 10. Nd2 c6 11. Qc2 Qe7 12. Nb3 Ne8 13. Na4 Nc7 14. Nac5 Nf6
15. Rad1 b6 16. Na4 Ba6 17. Nc3 Ne6 18. c5 Bxe2 19. Qxe2 Nd7 20. cxb6 axb6 21.
Qd2 Ra7 22. Qd6 Qxd6 23. Rxd6 Rc8 24. Rfd1 Rcc7 25. a3 Bf8 26. R6d2 h5 27. Kf1
Be7 28. g3 f6 29. f3 Rab7 30. Rc2 Kf7 31. Na4 c5 32. Nd2 Nd4 33. Rcc1 f5 34.
Nc3 Nf6 35. Kg2 b5 36. Bg5 b4 37. Na4 Ra7 38. Bxf6 Bxf6 39. Rxc5 bxa3 40. bxa3
Rxc5 41. Nxc5 Rxa3 42. Nb1 Re3 43. Rd2 Be7 44. Na4 Nxf3 45. Rf2 fxe4 46. Nd2
Ke6 47. Nxf3 exf3+ 48. Rxf3 Re1 49. h4 e4 50. Rb3 Re2+ 51. Kf1 Rc2 52. Nc3 Kf5
53. Nd5 Bc5 54. Rb5 Kg4 55. Rb3 Rf2+ 56. Ke1 Rf3 57. Rb5 Bf2+ 58. Ke2 Kxg3 59.
Ne7 Re3+ 60. Kd2 Ra3 61. Nxg6 e3+ 62. Ke2 Ra2+ 63. Kd3 e2 64. Rg5+ Kh3 65. Nf4+
Kxh4 66. Re5 e1=N+ 67. Kc3 Bd4+ 0-1